Matemáticas generales Mat 100: unidad 02
Uloženo v:
| Korporativní autor: | |
|---|---|
| Médium: | Kniha |
| Jazyk: | španělština |
| Vydáno: |
Baruta
Universidad Simón Bolívar
1977
|
| Témata: | |
| Tagy: |
Přidat tag
Žádné tagy, Buďte první, kdo vytvoří štítek k tomuto záznamu!
|
MARC
| LEADER | 00000nam a2200000 a 4500 | ||
|---|---|---|---|
| 001 | UCQ8516 | ||
| 003 | CL-VaPUC | ||
| 008 | 981210e19770000VE |||||||||||||||||spa|d | ||
| 082 | 0 | 4 | |a 515 |b UNI |2 21 |
| 110 | 2 | |a Universidad Simón Bolívar |e author |9 422527 | |
| 245 | 1 | 0 | |a Matemáticas generales Mat 100: unidad 02 |
| 246 | 1 | 0 | |a Funciones polinómicas y potenciales |
| 300 | |a 107 p | ||
| 942 | |c BK | ||
| 945 | |d 19981210 00:00:00 |a cmena | ||
| 260 | |a Baruta |b Universidad Simón Bolívar |c 1977 | ||
| 650 | 0 | |a Matemática |9 260235 | |
| 650 | 0 | |a Funciones |9 263869 | |
| 650 | 0 | |a Ejercicios |9 269807 | |
| 650 | 0 | |a Matemáticas |x Enseñanza |9 875527 | |
| 583 | |a last modification |c 19981210 00:00:00 |k Rodrigo Vera | ||
| 999 | |c 277755 |d 277753 | ||
| 952 | |0 0 |1 0 |4 0 |6 515_000000000000000_UNI_1977 |7 0 |8 A |9 315955 |a BIBMAT |b BIBMAT |d 2019-11-20 |i 1306413 |o 515 UNI 1977 |p 1306413 |r 2025-01-07 |w 2019-11-20 |y BK |k MAT | ||